LIBRARY & INFORMATION CENTRE, KCAET, TAVANUR

ONLINE PUBLIC ACCESS CATALOGUE (OPAC)

Operational research / (Record no. 9939)

MARC details
000 -LEADER
fixed length control field 00380cam a2200157ua 4500
041 ## - LANGUAGE CODE
Language code of text/sound track or separate title eng
082 ## - DEWEY DECIMAL CLASSIFICATION NUMBER
Classification number 658.4034
Item number COHEN/OP
100 ## - MAIN ENTRY--AUTHOR NAME
Personal name Cohen, S S .
245 ## - TITLE STATEMENT
Title Operational research /
250 ## - EDITION STATEMENT
Edition statement 1 /
260 ## - PUBLICATION, DISTRIBUTION, ETC. (IMPRINT)
Place of publication London :
Name of publisher Edward Arnold Publications Ltd.
300 ## - PHYSICAL DESCRIPTION
Number of Pages 245 ; .
942 ## - ADDED ENTRY ELEMENTS (KOHA)
Koha item type Books
Holdings
Withdrawn status Lost status Damaged status Home library Current library Date acquired Full call number Accession Number Koha item type
      KAUAET KAUAET 11/09/1986 658.4034 COH/OP 15770 Books
free website counter